John Glenn Columbus Int. Airport Destinations (Columbus, OH, USA) - Statistics

General Stats
  • This quiz has been taken 100 times
    47 since last reset
  • The average score is 41 of 47
Answer Stats
Airline Destination % Correct
Delta Connection/Southwest Airlines Austin
100%
Southwest Airlines Dallas (Love)
100%
Spirit Airlines/United Airlines/United Express Newark
100%
Delta Connection/Frontier Airlines/Southwest Airlines/Spirit Airlines Orlando
100%
Delta Air Lines/Frontier Airlines/Southwest Airlines/Spirit Airlines Atlanta
97%
American Airlines/American Eagle Dallas/Fort Worth
97%
Frontier Airlines/Southwest Airlines/United Airlines Denver
97%
Southwest Airlines Houston (Hobby)
97%
United Airlines/United Express Houston (Intercontinental)
97%
American Eagle/Southwest Airlines Miami
97%
American Eagle/Delta Connection New York (JFK)
97%
American Eagle/Delta Connection/Spirit Airlines New York (LaGuardia)
97%
American Airlines/American Eagle Philadelphia
97%
Alaska Airlines Seattle/Tacoma
97%
American Eagle/Delta Connection/Spirit Airlines Boston
95%
American Airlines/American Eagle Charlotte
95%
Southwest Airlines Chicago (Midway)
95%
American Airlines/American Eagle/United Airlines/United Express Chicago (O'Hare)
95%
Delta Connection Detroit
95%
Spirit Airlines Los Angeles
95%
Delta Air Lines/Sun Country Airlines Minneapolis/St. Paul
95%
Southwest Airlines San Diego
95%
United Airlines San Francisco
95%
Air Canada/Air Canada Express Toronto (Pearson)
95%
United Airlines/United Express Washington (Dulles)
95%
American Eagle/Southwest Airlines Washington (National)
95%
Southwest Airlines Baltimore
92%
Southwest Airlines/Spirit Airlines Las Vegas
92%
Southwest Airlines/Spirit Airlines Nashville
92%
American Airlines/Southwest Airlines Phoenix (Sky Harbor)
92%
Delta Air Lines Salt Lake City
92%
Southwest Airlines/Spirit Airlines Fort Lauderdale
89%
Southwest Airlines Kansas City
89%
Southwest Airlines/Spirit Airlines Tampa
89%
Breeze Airways Charleston (SC)
84%
Breeze Airways/Southwest Airlines/Spirit Airlines Fort Myers
84%
Breeze Airways Jacksonville (FL)
84%
Spirit Airlines New Orleans
84%
Breeze Airways Raleigh/Durham
84%
Southwest Airlines St. Louis
84%
Southwest Airlines Sarasota
70%
American Airlines/Southwest Airlines/Viva Cancún
68%
Breeze Airways Hartford
65%
Breeze Airways Norfolk
57%
Southwest Airlines Panama City (FL)
49%
Breeze Airways Orange County
32%
Breeze Airways Portland (ME)
8%
No matching quizzes found
Score Distribution
Percent of People with Each Score
Percentile by Number Answered
Your Score History
You have not taken this quiz since the last reset